[Event "1st Central League"]
[Site "Vrnjacka Banja SCG"]
[Date "2004.09.28"]
[Round "5"]
[White "Djordjevic,N"]
[Black "Gavrilovic,L"]
[Result "1/2-1/2"]
[WhiteElo "2267"]
[BlackElo "2238"]

1.d4 Nf6 2.c4 e6 3.Nf3 d5 4.e3 c6 5.Nc3 Nbd7 6.Bd3 Be7 7.O-O O-O 8.e4 dxe4
9.Nxe4 b6 10.Qe2 Bb7 11.Rd1 c5 12.Nxf6+ Bxf6 13.dxc5 bxc5 14.Be4 Qc7 15.Rb1 Rfd8
16.Bxb7 Qxb7 17.b3  1/2-1/2

[Event "Premier League"]
[Site "Belgrade SCG"]
[Date "2004.09.29"]
[Round "5"]
[White "Jovanovic,ST"]
[Black "Djerfi,K"]
[Result "1-0"]
[WhiteElo "2286"]
[BlackElo "2323"]

1.d4 d5 2.c4 c6 3.e3 Nf6 4.Nc3 e6 5.Nf3 Nbd7 6.Qc2 Bd6 7.Be2 O-O 8.O-O Qe7
9.h3 Bb4 10.Bd2 Bxc3 11.Bxc3 Ne4 12.Be1 f5 13.Nd2 Qg5 14.f4 Qg6 15.Nxe4 fxe4
16.Kh2 b6 17.b4 Bb7 18.c5 Qe8 19.Rb1 Qc8 20.Bh4 bxc5 21.bxc5 Rf7 22.Qa4 a5
23.Bg4 Nf6 24.Bxf6 gxf6 25.Rb6 f5 26.Be2 h6 27.Rfb1 Kh7 28.Qd1 Ra7 29.Qf1 Rg7
30.a3 Qd8 31.Qf2 Qf6 32.Bh5 Qd8 33.Bd1 Rc7 34.Ba4 Qf6 35.Qb2 Qe7 36.Qe2 Qh4
37.g3 Qf6 38.Qh5 Ba8 39.Qe8 Qg6 40.Rb8 Qxe8 41.Rxe8 Re7 42.Rbb8 Rxe8 43.Rxe8 Kg7
44.g4 Kf6 45.Rc8 Rb7 46.Rf8+ Kg6 47.Rxa8 Rb2+ 48.Kg1 Re2 49.Bxc6 Rxe3 50.Be8+ Kf6
51.c6 Rc3 52.Ra7 fxg4 53.hxg4 h5  1-0

[Event "79th ch-ARG"]
[Site "Buenos Aires ARG"]
[Date "2004.09.29"]
[Round "7"]
[White "Recoulat,E"]
[Black "Savinell,F"]
[Result "1-0"]
[WhiteElo "2301"]
[BlackElo "2075"]

1.d4 d5 2.c4 c6 3.Nf3 Nf6 4.Nc3 e6 5.e3 Nbd7 6.Bd3 Bd6 7.e4 dxe4 8.Nxe4 Nxe4
9.Bxe4 Nf6 10.Bc2 Bb4+ 11.Bd2 Qa5 12.O-O Bxd2 13.Nxd2 O-O 14.Nf3 Rd8 15.Qe2 Qh5
16.Rfd1 b6 17.Qe5 Ba6 18.b3 Rac8 19.Qg3 Qg4 20.Qxg4 Nxg4 21.h3 Nf6 22.Rd2 Rd6
23.Rad1 Rcd8 24.Bd3 Bb7 25.b4 g6 26.c5 R6d7 27.a4 Nd5 28.b5 bxc5 29.Rc1 cxb5
30.Bxb5 Rc7 31.dxc5 Rdc8 32.Rdc2 Nb4 33.Rb2 Bxf3 34.gxf3 Nc6 35.Ba6 Rd8 36.Rb7 Rdd7
37.Rxc7 Rxc7 38.Kg2 Nd4 39.Rc4 Nb3 40.c6 Na5 41.Rc5 Nb3 42.Rc3 Nd4 43.Bb7 e5
44.Rc5 f6 45.Rc4 Kf7 46.f4 Ke6 47.fxe5 fxe5 48.Rc5 Kd6 49.Ra5 Nxc6 50.Bxc6 Kxc6
51.Rxe5 Rf7 52.Kg3 Kd6 53.Ra5 Ke6 54.f4 Rc7 55.Kg4 Kf6 56.Ra6+ Kg7 57.a5 h6
58.Rd6 Kf7 59.a6 Re7 60.h4 Re6 61.Rd7+ Re7 62.Rb7 Ke6 63.h5 gxh5+ 64.Kxh5 Rf7
65.Rxf7 Kxf7 66.Kxh6 Kf6 67.Kh7 Kf5 68.Kg7 Kxf4 69.Kf6 Ke3 70.Ke5 Kd3 71.Kd5 Kc3
72.Kc6 Kd4 73.Kb7  1-0

[Event "GM Classic"]
[Site "Gausdal NOR"]
[Date "2004.09.29"]
[Round "7"]
[White "Johannessen,LE"]
[Black "Smeets,J"]
[Result "1/2-1/2"]
[WhiteElo "2538"]
[BlackElo "2545"]

1.d4 d5 2.c4 c6 3.Nf3 e6 4.e3 Nf6 5.Nc3 Nbd7 6.Qc2 Bd6 7.g4 Bb4 8.Bd2 Qe7
9.Rg1 b6 10.cxd5 Nxd5 11.Nxd5 cxd5 12.Bd3 Bd6 13.O-O-O Bb7 14.Kb1 Rc8 15.Qa4 a6
16.Rc1 O-O 17.Rxc8 Rxc8 18.Rc1 Rxc1+ 19.Kxc1 b5 20.Qc2 Nf6 21.h3 Ne4 22.Be1 Nf6
23.Bd2 h5 24.Qd1  1/2-1/2

[Event "TCh-Vojvodina"]
[Site "Sombor SCG"]
[Date "2004.09.29"]
[Round "7"]
[White "Bodiroga,P"]
[Black "Micic,C"]
[Result "1/2-1/2"]
[WhiteElo "2394"]
[BlackElo "2404"]

1.d4 d5 2.c4 c6 3.Nc3 Nf6 4.e3 e6 5.Nf3 Nbd7 6.Qc2 Bd6 7.Bd2 O-O 8.Bd3 Qe7
9.O-O dxc4 10.Bxc4 a6 11.a3 c5 12.dxc5 Bxc5 13.Ne4 Nxe4 14.Qxe4 Nf6 15.Qh4 b5
16.Bd3 Rd8 17.Ne5 Bb7 18.Ba5 Rd5 19.Bc3 h6 20.Be2 Rdd8 21.Rac1  1/2-1/2

[Event "VIII Itau Cup"]
[Site "Sao Paulo BRA"]
[Date "2004.09.30"]
[Round "7"]
[White "Coelho,L"]
[Black "Gerbelli,E"]
[Result "1-0"]
[WhiteElo "2391"]
[BlackElo "2192"]

1.d4 d5 2.c4 c6 3.Nc3 Nf6 4.e3 e6 5.Nf3 Nbd7 6.Bd3 dxc4 7.Bxc4 b5 8.Bd3 a6
9.e4 c5 10.d5 Bb7 11.O-O c4 12.Bc2 Qc7 13.dxe6 fxe6 14.Nd4 Nc5 15.Be3 Be7
16.f4 O-O-O 17.Qe2 Kb8 18.b4 cxb3 19.axb3 b4 20.e5 bxc3 21.exf6 Bxf6 22.Qc4 Qd6
23.Nf3 Rc8 24.Rfd1 Qc6 25.Qe2 Rhd8 26.Nd4 Bxd4 27.Bxd4 Ne4 28.Be5+ Ka7 29.Rxd8 Rxd8
30.Bxe4 Qxe4 31.Rxa6+  1-0

[Event "TCh-Vojvodina"]
[Site "Sombor SCG"]
[Date "2004.09.30"]
[Round "8"]
[White "Tesic,D"]
[Black "Bodiroga,P"]
[Result "0-1"]
[WhiteElo "2375"]
[BlackElo "2394"]

1.Nf3 d5 2.d4 Nf6 3.c4 c6 4.Nc3 e6 5.e3 a6 6.Qc2 c5 7.dxc5 Bxc5 8.a3 dxc4
9.Bxc4 b5 10.Nxb5 axb5 11.Bxb5+ Bd7 12.Bxd7+ Nbxd7 13.O-O O-O 14.Bd2 Qb8
15.b4 Bd6 16.h3 Rc8 17.Qd3 Ne5 18.Nxe5 Bxe5 19.Ra2 Rd8 20.Qb3 Ne4 21.Bc1 Qb5
22.Rc2 Bh2+  0-1

[Event "Premier League"]
[Site "Belgrade SCG"]
[Date "2004.10.01"]
[Round "7"]
[White "Brkljaca,A"]
[Black "Krgovic,V"]
[Result "1/2-1/2"]
[WhiteElo "2391"]
[BlackElo "2152"]

1.d4 Nf6 2.Nf3 d5 3.c4 e6 4.Nc3 c6 5.e3 Nbd7 6.Qc2 Bd6 7.Be2 O-O 8.O-O dxc4
9.Bxc4 e5 10.Rd1 Qe7 11.h3 h6 12.Nh4 Nb6 13.Ng6 Qc7 14.dxe5 Bxe5 15.Nxe5 Qxe5
16.Bd3 Be6 17.b3 Nbd5 18.Nxd5 Nxd5 19.Bd2 Rfd8 20.f4 Qc7 21.f5 Bd7 22.Bc4 Qb6
23.Re1 Re8 24.Kh1 Nxe3 25.Bxe3 Rxe3 26.f6 Qd4 27.Qg6 Rxe1+ 28.Rxe1 Qxf6 29.Qxf6 gxf6
30.Re7 Be6 31.Rxb7 a5 32.Rc7 Bxc4 33.bxc4 Ra6 34.c5 a4 35.Kh2 Kg7 36.Kg3 a3
37.Kf3 Ra4 38.Rxc6 Rc4 39.Ra6 Rxc5 40.Rxa3 Rc2 41.g3 f5 42.Kf4 Kg6 43.h4 f6
44.Ra4 Rf2+ 45.Ke3 Rg2 46.Kf3 Rb2 47.Ra8 Kh5 48.a4 Rb4 49.a5 f4 50.gxf4 Rd4
51.Rf8 Kg6 52.h5+ Kf5  1/2-1/2

[Event "Premier League"]
[Site "Belgrade SCG"]
[Date "2004.10.01"]
[Round "7"]
[White "Martinovic,Sl"]
[Black "Markovic,Mis"]
[Result "0-1"]
[WhiteElo "2443"]
[BlackElo "2187"]

1.Nf3 d5 2.d4 Nf6 3.c4 e6 4.Nc3 c6 5.e3 Nbd7 6.Qc2 Be7 7.b3 b6 8.Be2 Bb7
9.O-O c5 10.cxd5 exd5 11.Bb2 O-O 12.Rac1 Rc8 13.Qf5 g6 14.Qb1 Qc7 15.Rfd1 Rfd8
16.h3 a6 17.a3 Bf8 18.Na4 Qd6 19.Ne5 Ne4 20.Nf3 Qe6 21.Nc3 Ndf6 22.Bf1 Bh6
23.Re1 Nxc3 24.Bxc3 Ne4 25.Bb2 c4 26.a4 b5 27.axb5 axb5 28.Ba3 Ba6 29.Bb4 Bf8
30.Bxf8 Kxf8 31.Qb2 Qd6 32.Ra1 Ra8 33.Ne5 f6 34.Ng4 h5 35.Nh2 b4 36.f3 Ng3
37.bxc4 dxc4 38.Rxa6 Rxa6 39.Bxc4 Ra3 40.Nf1 Nxf1 41.Bxf1 Rda8 42.d5 Kg7
43.Qd4 b3 44.Rc1 Rb8 45.Rc6 Qe5 46.Qc5 b2 47.Qxa3 b1=Q 48.Re6 Qea1 49.Qe7+ Kh6
50.Rxf6 Qxf1+ 51.Kh2 Qg1+ 52.Kg3 Qae1+ 53.Kf4 Qh4+  0-1

[Event "TCh-Vojvodina"]
[Site "Sombor SCG"]
[Date "2004.10.01"]
[Round "9"]
[White "Mujagic,R"]
[Black "Perisic,Ra"]
[Result "0-1"]
[WhiteElo "2339"]
[BlackElo "2402"]

1.d4 Nf6 2.Nf3 d5 3.c4 c6 4.e3 e6 5.Nc3 Nbd7 6.Bd3 Bd6 7.O-O O-O 8.e4 dxc4
9.Bxc4 e5 10.dxe5 Nxe5 11.Nxe5 Bxe5 12.Qxd8 Rxd8 13.f3 b5 14.Be2 Bd4+ 15.Kh1 a6
16.g4 Bb7 17.Bf4 c5 18.Kg2 Nd7 19.a4 b4 20.Nd1 Ne5 21.Rc1 Ng6 22.Bg3 Rac8
23.b3 Be5 24.Rc2 Nf4+ 25.Bxf4 Bxf4 26.Nb2 g6 27.Rc4 Kg7 28.Nd3 Be3 29.Rc2 Bd4
30.Nf4 Rc7 31.Nd5 Rcd7 32.g5 h6 33.h4 hxg5 34.hxg5 Rc8 35.f4 Rxd5 36.exd5 Rc7
37.Rd2 Bxd5+ 38.Kg3 Bxb3 39.Bxa6 Bxa4 40.Rc1 b3 41.Bd3 b2 42.Rg1 Bb3 43.Bb1 Be6
44.Rh2 Bf5 45.Rc2 Kf8 46.Kf3 Ke7 47.Ke2 Kd6 48.Kd2 Kc6 49.Kd1 Kb5 50.Ba2 Kb4
51.Kd2 Ka3  0-1

[Event "Tatry Open"]
[Site "Tatranske Zruby SVK"]
[Date "2004.10.01"]
[Round "8"]
[White "Jedlicka,A"]
[Black "Harasta,V"]
[Result "1-0"]
[WhiteElo "2293"]
[BlackElo "2122"]

1.d4 d5 2.c4 c6 3.Nf3 e6 4.e3 Nf6 5.Nc3 Nbd7 6.Bd3 Bd6 7.e4 dxc4 8.Bxc4 e5
9.dxe5 Nxe5 10.Nxe5 Bxe5 11.Qxd8+ Kxd8 12.Bxf7 Bxc3+ 13.bxc3 Nxe4 14.O-O Rf8
15.Bb3 Nc5 16.Ba3 Nxb3 17.Rad1+  1-0

[Event "Open"]
[Site "Guernsey GCI"]
[Date "2004.10.03"]
[Round "1"]
[White "Downey,K"]
[Black "Ballon,G"]
[Result "0-1"]
[WhiteElo "2060"]
[BlackElo "2195"]

1.c4 c6 2.Nf3 d5 3.e3 Nf6 4.Nc3 e6 5.d4 Nbd7 6.Qc2 Bd6 7.Bd3 O-O 8.O-O b6
9.e4 dxc4 10.Bxc4 e5 11.d5 Bb7 12.dxc6 Bxc6 13.Rd1 Qe7 14.Bg5 h6 15.Bxf6 Nxf6
16.Rac1 Rfd8 17.h3 Rac8 18.Qe2 Bb7 19.Nh4 Bb8 20.Nf5 Qf8 21.Ba6 Bxa6 22.Qxa6 g6
23.Ne3 Kg7 24.Ned5 Nxe4 25.Nxb6 Nc5 26.Qb5 axb6 27.Qxb6 Ne6 28.a4 Nd4 29.a5 Bc7  0-1

[Event "Open"]
[Site "Guernsey GCI"]
[Date "2004.10.03"]
[Round "1"]
[White "Hillarp Persson,T"]
[Black "Ippel,C"]
[Result "1-0"]
[WhiteElo "2523"]
[BlackElo "2068"]

1.d4 e6 2.c4 d5 3.Nc3 c6 4.e3 Nf6 5.Nf3 Bb4 6.Bd3 O-O 7.O-O Nbd7 8.Qc2 Bd6
9.Re1 e5 10.cxd5 cxd5 11.e4 dxe4 12.Nxe4 Bb4 13.Nxf6+ Nxf6 14.dxe5 Bxe1 15.exf6 Bxf2+
16.Kxf2 Qxf6 17.Bg5 Qb6+ 18.Be3 Qf6 19.Bxh7+ Kh8 20.Bd4 Qh6 21.Bf5 Bxf5 22.Qxf5 Qg6
23.Qxg6 fxg6 24.Kg3 b6 25.a4 Rf5 26.Re1 Raf8 27.Re6 Rd8 28.Bc3 Rc8 29.Rxg6 Rxc3
30.bxc3 Rc5 31.Ng5 Rxc3+ 32.Kh4 Rc4+ 33.Kh5 Rxa4 34.Rc6  1-0

[Event "Open"]
[Site "Guernsey GCI"]
[Date "2004.10.05"]
[Round "3"]
[White "Hillarp Persson,T"]
[Black "Ballon,G"]
[Result "1-0"]
[WhiteElo "2523"]
[BlackElo "2195"]

1.d4 d5 2.c4 c6 3.Nc3 Nf6 4.e3 e6 5.Nf3 Nbd7 6.Qc2 Bd6 7.g4 Bb4 8.Bd2 Qe7
9.Rg1 h6 10.h4 Bxc3 11.Bxc3 Ne4 12.O-O-O b6 13.cxd5 exd5 14.Bd3 Nxc3 15.Qxc3 Bb7
16.g5 hxg5 17.Rxg5 Rxh4 18.Rxg7 Rh8 19.Bf5 Rf8 20.Rdg1 Qf6 21.Bxd7+ Kxd7
22.Ne5+ Ke8 23.Qa3 a5 24.Qxf8+ Kxf8 25.Nd7+  1-0

[Event "120th NY Masters"]
[Site "New York USA"]
[Date "2004.10.05"]
[Round "2"]
[White "Krush,I"]
[Black "Ehlvest,J"]
[Result "0-1"]
[WhiteElo "2459"]
[BlackElo "2605"]

1.d4 Nf6 2.c4 c6 3.Nf3 d5 4.Nc3 e6 5.e3 Nbd7 6.Qc2 h6 7.b3 Bd6 8.Be2 O-O
9.O-O Re8 10.Rd1 Qe7 11.h3 dxc4 12.bxc4 e5 13.a4 e4 14.Nd2 c5 15.Nb3 a5 16.Nb5 Bb8
17.d5 Qe5 18.d6 Qg5 19.Bb2 b6 20.Nd2 h5 21.Nb1 Ne5 22.Kh1 Bb7 23.N1c3 Nd3
24.Rf1 Re6 25.Nc7 Rxd6 26.Nxa8 Ng4 27.Bxg4 hxg4 28.g3 Rh6 29.Kg2 gxh3+ 30.Kh2 Bxa8
31.Rg1 Ne5 32.Rgf1 Qg4 33.Qd1 Nf3+ 34.Kh1 Rd6 35.Nd5 Bxd5 36.cxd5 Qf5 37.Qc2 Rxd5
38.Qc3 Be5 39.Qb3 Nd2  0-1

[Event "1st TCh-WSen"]
[Site "Port Erin IOM"]
[Date "2004.10.05"]
[Round "1"]
[White "Hecht,HJ"]
[Black "Viner,P"]
[Result "1/2-1/2"]
[WhiteElo "2389"]
[BlackElo "2151"]

1.c4 Nf6 2.Nc3 c6 3.d4 d5 4.Nf3 e6 5.e3 Be7 6.Bd3 Nbd7 7.O-O O-O 8.e4 dxe4
9.Nxe4 b6 10.Qe2 Bb7 11.Bg5 Re8 12.Nc3 c5 13.dxc5 bxc5 14.Rad1 Qb6 15.b3 Rad8
16.Rfe1 Bc6 17.Bc2 Qb7 18.Rd3 Nf8 19.Red1 Ng6 20.Rxd8  1/2-1/2

[Event "Pre-Olym Tourn"]
[Site "Belo Horizonte BRA"]
[Date "2004.10.11"]
[Round "6"]
[White "Morais,P"]
[Black "Caldeira,A"]
[Result "1/2-1/2"]
[WhiteElo "2141"]
[BlackElo "2291"]

1.d4 d5 2.c4 c6 3.Nc3 Nf6 4.Nf3 e6 5.e3 Nbd7 6.cxd5 exd5 7.Bd3 Bd6 8.O-O O-O
9.Nh4 Re8 10.Nf5 Bf8 11.f3 Nb6 12.Qe1 g6 13.Ng3 c5 14.Qf2 Bd7 15.Bd2 Rc8
16.Rad1 cxd4 17.exd4 Na4 18.Nxa4 Bxa4 19.b3 Bc6 20.Ne2 Nh5 21.g4 Ng7 22.Qg3 Qd7
23.f4 f5 24.h3 Bb5 25.Bxb5 Qxb5 26.Nc3 Qd7 27.Qg2 Rcd8 28.Rfe1 Rxe1+ 29.Rxe1 Bb4
30.Re5 Bxc3 31.Bxc3 Qc6 32.Be1 Qc1 33.Qd2 Qxd2 34.Bxd2 Kf7 35.Kf2 h5 36.g5 Ne6
37.Ke3 Rd7 38.Kd3 Nd8 39.b4 Nc6 40.Re1 Re7 41.b5 Rxe1 42.Bxe1 Nb8 43.Bb4 Ke8
44.Bd6 Nd7 45.Bc5 Kd8 46.a4 Kc7 47.Kc3 a6 48.Kb4 axb5 49.axb5 h4 50.Kc3 Kd8
51.Kb4 Ke8 52.Kc3 Kf7 53.Kd3 Kg7 54.Kc3 Kg8 55.Kd3 Kf7 56.Kc3 Ke6 57.Kd3  1/2-1/2

[Event "36th Olympiad w"]
[Site "Calvia ESP"]
[Date "2004.10.17"]
[Round "2"]
[White "De la Cruz,M"]
[Black "Mohammed,J"]
[Result "1/2-1/2"]
[WhiteElo "2086"]
[BlackElo "1990"]

1.d4 d5 2.c4 c6 3.Nf3 Nf6 4.Nc3 e6 5.e3 Nbd7 6.Qc2 Be7 7.Be2 dxc4 8.Bxc4 b5
9.Bd3 a6 10.Ne4 Bb7 11.Bd2 c5 12.Nxc5 Nxc5 13.dxc5 Bxc5 14.Bxb5+ axb5 15.Qxc5 Qd5
16.Qxd5 Bxd5 17.a3 O-O 18.O-O Bxf3 19.gxf3 Rfd8 20.Bc3 Nd5 21.Bd4 f6 22.f4 Nxf4
23.Bxf6 Ne2+ 24.Kg2 gxf6 25.Kf3 Rd2 26.Rfe1 Rxb2 27.Rxe2 Rxe2 28.Kxe2 Ra5
29.Rb1  1/2-1/2

[Event "36th Olympiad"]
[Site "Calvia ESP"]
[Date "2004.10.17"]
[Round "2"]
[White "Erhembayar,D"]
[Black "Martinez,Ri"]
[Result "1/2-1/2"]
[WhiteElo "2332"]
[BlackElo "2172"]

1.d4 d5 2.Nf3 Nf6 3.c4 c6 4.Nc3 e6 5.e3 Nbd7 6.Bd3 a6 7.a4 Bd6 8.O-O e5 9.cxd5 cxd5
10.e4 exd4 11.Nxd5 Nxd5 12.exd5 O-O 13.Nxd4 g6 14.Nf3 Nb6 15.Bg5 Qd7 16.Kh1 Qg4
17.Qb3 Nd7 18.Qc4 Nc5 19.Qxg4 Bxg4 20.Be2 Rfe8 21.Be3 Bd7 22.Bd1 b5 23.axb5 Bxb5
24.Rg1 Nd3 25.Bd4 Re4 26.g3 Rc8 27.b3 Bb4 28.Kg2 a5 29.Bf6 Ba6 30.Ra2 Bb7
31.Bc2 Rxc2 32.Rxc2 Bxd5 33.Rc8+ Bf8 34.Rd8 Nb4 35.Bc3 Bxb3 36.Nd2 Rc4 37.Nxc4 Bxc4
38.Bf6 Nd5 39.Rxd5 Bxd5+ 40.f3 Bg7 41.Bxg7 Kxg7 42.Ra1 h6 43.Rxa5 Bc6 44.Kf2 h5
45.Ke3 Bd7 46.Kf4 Kf6 47.Ra6+ Be6 48.h4 Kg7 49.Ke5 Bc4 50.Ra3 Be6 51.Ra4 Bd7
52.Rf4 Bc8 53.Kd6 Be6 54.Ke7 Bf5 55.g4 hxg4 56.fxg4 Be6 57.Re4 Bd5 58.Rd4 Be6
59.Kd6 Ba2 60.Ke5 Be6 61.Kf4 Ba2 62.Kg5 Be6 63.Rf4 Ba2 64.Ra4 Be6 65.Ra1 Bb3
66.Rg1 Be6 67.h5 gxh5 68.gxh5 Bd5 69.Rg3 Be6 70.h6+ Kh7 71.Kh5 Bd5 72.Rg7+ Kh8
73.Kg5 Be6 74.Kf6 Bc4 75.Rg4 Be6 76.Rh4 Kh7  1/2-1/2

[Event "36th Olympiad"]
[Site "Calvia ESP"]
[Date "2004.10.17"]
[Round "2"]
[White "Oms Pallise,J"]
[Black "Lim Yee Weng"]
[Result "1-0"]
[WhiteElo "2508"]
[BlackElo "2346"]

1.d4 d5 2.c4 c6 3.e3 Nf6 4.Nc3 e6 5.Nf3 Nbd7 6.Be2 dxc4 7.a4 Bd6 8.Bxc4 O-O
9.O-O e5 10.Ba2 exd4 11.exd4 h6 12.Re1 Nb6 13.Ne5 Nbd5 14.Qf3 Be6 15.Bb1 Re8
16.Bd2 Qb6 17.Nc4 Qb4 18.Nxd6 Qxb2  1-0

[Event "36th Olympiad"]
[Site "Calvia ESP"]
[Date "2004.10.17"]
[Round "3"]
[White "Krasenkow,M"]
[Black "Volkmann,F"]
[Result "1-0"]
[WhiteElo "2676"]
[BlackElo "2454"]

1.Nf3 d5 2.d4 Nf6 3.c4 c6 4.Nc3 e6 5.e3 Nbd7 6.Qc2 Bd6 7.g4 dxc4 8.Bxc4 e5
9.g5 Nd5 10.Bd2 exd4 11.Qe4+ Qe7 12.Qxd4 Ne5 13.Nxe5 Bxe5 14.Nxd5 cxd5 15.Bb5+ Kf8
16.Qxd5 Bxb2 17.Rb1 Be6 18.Qe4 Ba3 19.Bc4 Bxc4 20.Qxc4 Qxg5 21.Rxb7 Qf5 22.Bb4+ Kg8
23.Bxa3 Qf3 24.Qb3 Qxh1+ 25.Ke2  1-0

[Event "36th Olympiad"]
[Site "Calvia ESP"]
[Date "2004.10.17"]
[Round "3"]
[White "Oms Pallise,J"]
[Black "Pelletier,Y"]
[Result "0-1"]
[WhiteElo "2508"]
[BlackElo "2589"]

1.d4 d5 2.c4 c6 3.e3 Nf6 4.Nc3 e6 5.Nf3 Nbd7 6.Qc2 Bd6 7.Bd3 O-O 8.O-O dxc4
9.Bxc4 b5 10.Be2 Bb7 11.e4 e5 12.Bg5 exd4 13.Nxd4 Qc7 14.Nf3 Rfe8 15.a3 a5
16.Bd3 Ng4 17.g3 h6 18.Bd2 Nc5 19.Rfe1 Nxd3 20.Qxd3 Rad8 21.Qc2 b4 22.axb4 axb4
23.Na4 c5 24.Rac1 Rc8 25.Nh4 c4 26.Nf5 Bf8 27.Bf4 Qc6 28.b3 cxb3 29.Qd1 Qxa4
30.Qxg4 Kh7 31.Nxh6 gxh6 32.Qf5+ Kg8 33.Qg4+ Kh8 34.Qh5 Rxc1 35.Bxc1 Qc6
36.Bb2+ Bg7 37.Rc1 Qe6  0-1

[Event "Essent Open"]
[Site "Hoogeveen NED"]
[Date "2004.10.17"]
[Round "3"]
[White "Delemarre,J"]
[Black "Ruijgrok,D"]
[Result "1-0"]
[WhiteElo "2449"]
[BlackElo "2255"]

1.d4 d5 2.c4 c6 3.Nf3 Nf6 4.Nc3 e6 5.e3 Nbd7 6.Bd3 Be7 7.O-O O-O 8.b3 b6
9.Bb2 Bb7 10.Qe2 Rc8 11.Rad1 Qc7 12.Ne5 dxc4 13.bxc4 Rfd8 14.f4 c5 15.f5 Nf8
16.fxe6 fxe6 17.Nb5 Qb8 18.Ng4 a6 19.Nxf6+ Bxf6 20.Rxf6 gxf6 21.Qg4+ Kf7
22.d5 e5 23.Nc3 Ng6 24.Rf1 Rd6 25.Ne4 Rf8 26.Ng5+ Ke7 27.Nxh7 Rg8 28.Bxg6 Qe8
29.Bxe5 Qxg6 30.Bxd6+ Kxd6 31.Qf4+  1-0

[Event "XI Bela Papp Mem"]
[Site "Torokbalint HUN"]
[Date "2004.10.17"]
[Round "2"]
[White "Szeberenyi,A"]
[Black "Schneider,Dm"]
[Result "1/2-1/2"]
[WhiteElo "2366"]
[BlackElo "2453"]

1.d4 d5 2.c4 e6 3.Nc3 c6 4.e3 Nf6 5.Nf3 Nbd7 6.Qc2 Bd6 7.Bd3 O-O 8.O-O dxc4
9.Bxc4 a6 10.a4 c5 11.Rd1 Qe7 12.Ne4 Nxe4 13.Qxe4 Nf6 14.Qh4 cxd4 15.exd4 h6
16.Bd3 Nh7 17.Qe4 Nf6 18.Qh4 Nh7 19.Qe4 Nf6 20.Qe2 b6 21.Ne5 Bb7 22.Bd2 Rfd8
23.Rac1 Qe8 24.Re1 Ra7 25.Ng4 Nxg4 26.Qxg4 Kh8 27.Re3 Bd5 28.Rce1 Re7 29.Rh3 f5
30.Qh4 Qg6 31.Qg5 Kh7 32.Qxg6+ Kxg6 33.Bxa6 Ra7 34.Bb5 Be7 35.Bf4 Bf6 36.Be5 Bxe5
37.dxe5 Rc7 38.Rc3 Rxc3 39.bxc3 Rc8 40.c4 Bc6 41.g3 Bxb5 42.cxb5 f4 43.gxf4  1/2-1/2

[Event "36th Olympiad"]
[Site "Calvia ESP"]
[Date "2004.10.18"]
[Round "4"]
[White "Hillarp Persson,T"]
[Black "Fernandes,An"]
[Result "0-1"]
[WhiteElo "2523"]
[BlackElo "2431"]

1.d4 d5 2.c4 c6 3.Nc3 Nf6 4.e3 e6 5.Nf3 Nbd7 6.Qc2 Bd6 7.g4 h6 8.Bd2 a6 9.Rg1 b5
10.c5 Bc7 11.h4 b4 12.Nd1 a5 13.a3 bxa3 14.Rxa3 e5 15.g5 hxg5 16.hxg5 Ne4
17.Nc3 Nxd2 18.Nxd2 Rb8 19.Kd1 Rh5 20.Qa4 Rb4 21.Qxc6 Bb7 22.Qa4 Rxa4 23.Rxa4 exd4
24.exd4 Bc6 25.Bb5 Nb8 26.Ra3 Kf8 27.Be2 Rh2 28.Ke1 g6 29.Nd1 Rh4 30.Nf1 a4
31.Re3 Bf4 32.Rf3 Qa5+ 33.Nc3 Qb4 34.Ne3 Qxb2 35.Ng2 Bd2+ 36.Kf1 Rxd4 37.Nd1 Qb1
38.Rh1 Bb5 39.Bxb5 Qxd1+ 40.Ne1 Qxe1+  0-1

[Event "36th Olympiad"]
[Site "Calvia ESP"]
[Date "2004.10.18"]
[Round "4"]
[White "Kempinski,R"]
[Black "Mastrovasilis,D"]
[Result "1-0"]
[WhiteElo "2608"]
[BlackElo "2574"]

1.Nf3 d5 2.c4 c6 3.e3 Nf6 4.Nc3 e6 5.d4 Nbd7 6.Qc2 Bd6 7.g4 h6 8.h3 Qe7 9.Bd2 dxc4
10.Bxc4 b5 11.Be2 Bb7 12.Rg1 Rc8 13.h4 b4 14.Na4 c5 15.dxc5 Bxc5 16.Nxc5 Rxc5
17.Qa4 a5 18.a3 Bc6 19.Qd1 b3 20.Bc3 O-O 21.Qxb3 Rb8 22.Qd1 Ne4 23.Bd4 e5
24.Bxc5 Ndxc5 25.Rb1 Ba4 26.Qc1 Bb3 27.g5 h5 28.Nd2 Qd7 29.Nxb3 Rxb3 30.Qc2 Qh3
31.g6 Qxh4 32.gxf7+ Kf8 33.Rf1 Rxe3 34.Rd1 Ne6 35.Rd7 N4c5 36.Rd5 Rxe2+ 37.Kxe2 Nd4+
38.Rxd4 Qxd4 39.Qc3 Qg4+ 40.f3 Qc8 41.Rc1 Qa6+ 42.Qc4 Qxc4+ 43.Rxc4 Ne6 44.Re4 Nd4+
45.Kf2 Nc6 46.b4 axb4 47.axb4  1-0

[Event "36th Olympiad"]
[Site "Calvia ESP"]
[Date "2004.10.19"]
[Round "5"]
[White "Morovic Fernandez,I"]
[Black "Fridman,D2"]
[Result "1/2-1/2"]
[WhiteElo "2564"]
[BlackElo "2578"]

1.c4 c6 2.d4 d5 3.Nc3 Nf6 4.e3 e6 5.Nf3 Nbd7 6.Qc2 Bd6 7.Bd3 O-O 8.O-O dxc4
9.Bxc4 b5 10.Be2 Bb7 11.Rd1 Qb8 12.e4 e5 13.g3 Re8 14.dxe5 Nxe5 15.Bg5 Nxf3+
16.Bxf3 Be5 17.Rd2 h6  1/2-1/2

[Event "36th Olympiad w"]
[Site "Calvia ESP"]
[Date "2004.10.19"]
[Round "5"]
[White "Nguyen Thi Thanh An"]
[Black "Madl,I"]
[Result "0-1"]
[WhiteElo "2345"]
[BlackElo "2369"]

1.d4 d5 2.c4 c6 3.Nc3 Nf6 4.e3 e6 5.Nf3 Nbd7 6.Bd3 dxc4 7.Bxc4 b5 8.Bd3 Bb7
9.e4 b4 10.Na4 c5 11.e5 Nd5 12.Ng5 Be7 13.Qh5 g6 14.Qh6 cxd4 15.Qg7 Rf8 16.Nxh7 Qa5
17.b3 Nc3 18.Bf4 Bxg2 19.Rg1 Bd5 20.Nxf8 Nxf8 21.Bd2 Bc6 22.Rg4 O-O-O 23.Qxf7 Qxe5+
24.Kf1 Qd5 25.Bxc3 bxc3 26.Be4 Qb5+ 27.Kg1 Bxe4 28.Rxe4 Qg5+ 29.Kf1 c2 30.f4 Qb5+
31.Kf2 Qb7 32.Kf3 d3 33.Qg7 Kb8 34.Qe5+ Ka8 35.Nc5 Bxc5 36.Qxc5 Rc8 37.Qd6 Nd7
38.Qxd3 Nf6 39.Rc1 Nxe4 40.Ke2 Nc3+ 41.Kf2 Qb6+ 42.Kg3 Nd5 43.Rxc2 Rxc2 44.Qxc2 Qe3+
45.Kg2 Nxf4+ 46.Kf1 Qf3+ 47.Qf2 Qd3+ 48.Ke1 Qb1+ 49.Kd2 Qxa2+ 50.Ke3 Nd5+
51.Kf3 Qxb3+ 52.Kg2 Qb4 53.Kh3 Qc3+ 54.Kg4 Qc4+ 55.Kh3 Qd3+ 56.Kh4 Qe4+ 57.Kg3  0-1

[Event "36th Olympiad"]
[Site "Calvia ESP"]
[Date "2004.10.19"]
[Round "5"]
[White "Van Tilbury,C"]
[Black "Kovacova,Z"]
[Result "1-0"]
[WhiteElo "2309"]
[BlackElo "2039"]

1.d4 d5 2.c4 c6 3.Nf3 Nf6 4.Nc3 e6 5.e3 Nbd7 6.Qc2 Be7 7.b3 O-O 8.Be2 Re8
9.O-O Bf8 10.Bb2 b6 11.e4 dxe4 12.Nxe4 Bb7 13.Nxf6+ Nxf6 14.Rad1 Qc7 15.a3 a5
16.Ne5 Rad8 17.c5 b5 18.Bd3 g6 19.Qe2 Rb8 20.h4 Bg7 21.Rfe1 Qe7 22.g3 Nd7
23.Nf3 Nf6 24.Bc1 Nd5 25.Bd2 Qd8 26.Kg2 h5 27.Ne5 Ne7 28.Qf3 Rf8 29.Bg5 Qc7
30.Bxe7 Qxe7 31.b4 a4 32.Be4 Bxe5 33.dxe5 Rbc8 34.Rd6 Rc7 35.Red1 Rfc8 36.R1d4 Kg7
37.Qd3 Qe8 38.Rd7  1-0

[Event "36th Olympiad"]
[Site "Calvia ESP"]
[Date "2004.10.19"]
[Round "5"]
[White "Kozul,Z"]
[Black "Graf,A"]
[Result "1-0"]
[WhiteElo "2640"]
[BlackElo "2646"]

1.d4 d5 2.c4 c6 3.Nc3 Nf6 4.e3 e6 5.Nf3 Nbd7 6.Bd3 dxc4 7.Bxc4 b5 8.Bd3 Bd6
9.O-O O-O 10.Ng5 Qc7 11.f4 h6 12.Nf3 b4 13.Ne2 c5 14.e4 Be7 15.e5 Nd5 16.Kh1 cxd4
17.Nexd4 Nc5 18.f5 Nxd3 19.Qxd3 exf5 20.Nxf5 Bxf5 21.Qxf5 Qb6 22.Qe4 Rad8
23.Nd4 Bc5 24.Nf5 Rfe8 25.Bxh6 Bf8 26.Bf4 Nxf4 27.Qxf4 Qe6 28.Nd4 Qc4 29.Rad1 Bc5
30.e6 Rf8 31.b3 Qd5 32.e7 Bxe7 33.Nf5 Qb7 34.Qf3 Rxd1 35.Rxd1 Qc7 36.Qg3  1-0

[Event "Essent Open"]
[Site "Hoogeveen NED"]
[Date "2004.10.19"]
[Round "5"]
[White "Khenkin,I"]
[Black "Goloshchapov,A"]
[Result "1-0"]
[WhiteElo "2587"]
[BlackElo "2566"]

1.d4 d5 2.c4 e6 3.Nc3 c6 4.e3 Nf6 5.Nf3 Nbd7 6.Qc2 Bd6 7.Bd3 O-O 8.O-O dxc4
9.Bxc4 a6 10.a4 c5 11.Rd1 Qe7 12.dxc5 Bxc5 13.b3 b6 14.Ne4 Bb4 15.Bb2 Bb7
16.Neg5 g6 17.e4 Nc5 18.Rd4 h6 19.e5 Nh5 20.Nh3 Bxf3 21.gxf3 Ng7 22.Rad1 Nf5
23.Rg4 Rad8 24.Nf4 Rxd1+ 25.Qxd1 Rd8 26.Qc2 Kh7 27.Bc1 h5 28.Rg2 Nd4 29.Qd1 Ndxb3
30.Qc2 Nd4 31.Qd1 Ndb3 32.Qc2 Nd4 33.Qd1 Nf5 34.Qc2 Qd7 35.Kh1 Qd4 36.Rg1 Qxe5
37.Nh3 Qc3 38.Ng5+ Kg8 39.Qe2 Nd4 40.Qe5 Qxc4 41.Qf6 Rd7 42.Nxf7 Qxc1 43.Qxg6+ Kf8
44.Qg7+ Ke8 45.Rxc1 Ne2 46.Qg8+ Ke7 47.Rb1 Nd3 48.Ng5 Nef4 49.Rxb4  1-0

[Event "Essent Open"]
[Site "Hoogeveen NED"]
[Date "2004.10.19"]
[Round "5"]
[White "Siebrecht,S"]
[Black "Hendriks,Ric"]
[Result "1/2-1/2"]
[WhiteElo "2366"]
[BlackElo "2140"]

1.c4 e6 2.Nc3 d5 3.d4 Nf6 4.Nf3 c6 5.e3 Be7 6.Qc2 O-O 7.a3 b6 8.e4 dxc4 9.Bxc4 Ba6
10.Bxa6 Nxa6 11.e5 Nd5 12.Ne4 c5 13.Neg5 g6 14.Qd3 Qc8 15.Bd2 cxd4 16.Qxd4 h6
17.Ne4 Kg7 18.O-O Bc5 19.Qa4 Be7 20.Rac1 Qb7 21.Qd4 Nc5 22.Nf6 Rh8 23.Nxd5 Nb3
24.Rc7 Qxc7 25.Nxc7 Nxd4 26.Nxd4 Rac8 27.Ncb5 Bc5 28.Be3 a6 29.Nc3 Bxa3 30.bxa3 Rxc3
31.Ra1 Rd8 32.Kf1 Rd5 33.Rb1 b5 34.a4 bxa4 35.Rb7 a3 36.Nxe6+ Kg8 37.Rb8+ Kh7
38.Rb7 Kg8 39.Rb8+ Kh7 40.Rb7 Kg8 41.Rb8+ Kh7  1/2-1/2